NLSUI OPAC header image

Claims for contribution and reimbursement in an international context : Conflict-of-dimensions of third party procedures (Record no. 32184)

MARC details
000 -LEADER
fixed length control field 00916nam a2200217Ia 4500
003 - CONTROL NUMBER IDENTIFIER
control field OSt
005 - DATE AND TIME OF LATEST TRANSACTION
control field 20210520113933.0
008 - FIXED-LENGTH DATA ELEMENTS--GENERAL INFORMATION
fixed length control field 160316s2005 xxu||||| |||| 00| 0 eng d
020 ## - INTERNATIONAL STANDARD BOOK NUMBER
International Standard Book Number 9780198268963
040 ## - CATALOGING SOURCE
Transcribing agency n
082 ## - DEWEY DECIMAL CLASSIFICATION NUMBER
Classification number 340.900000
Item number TAK
100 ## - MAIN ENTRY--PERSONAL NAME
Personal name Takahashi Kohi
245 ## - TITLE STATEMENT
Title Claims for contribution and reimbursement in an international context : Conflict-of-dimensions of third party procedures
260 ## - PUBLICATION, DISTRIBUTION, ETC.
Place of publication, distribution, etc. Oxford
Name of publisher, distributor, etc. Oxford University Press
Date of publication, distribution, etc. 2005
300 ## - PHYSICAL DESCRIPTION
Extent 305p
Dimensions xlv
365 ## - TRADE PRICE
Price amount Rs. 9,460
505 ## - FORMATTED CONTENTS NOTE
Formatted contents note Table of contents<br/>PART I - INTRODUCTION ; <br/>PART II - GENERAL CONFLICT-OF-LAWS ISSUES PERTAINING TO CLAIMS FOR CONTRIBUTION ; <br/>PART III - OBSTACLES TO RECOVERY ON A CONTRIBUTION CLAIM ; <br/>PART IV - OBSTACLES TO BACK-TO-BACK REIMBURSEMENT IN A CHAIN TRANSACTION ; <br/>PART V - CONCLUSION
650 ## - SUBJECT ADDED ENTRY--TOPICAL TERM
Topical term or geographic name entry element 1. Conflict Of Laws - Third Parties - U K
700 ## - ADDED ENTRY--PERSONAL NAME
Personal name
--
942 ## - ADDED ENTRY ELEMENTS (KOHA)
Source of classification or shelving scheme Dewey Decimal Classification
Koha item type BOOKs
Holdings
Withdrawn status Lost status Damaged status Not for loan Home library Current library Shelving location Date acquired Cost, normal purchase price Total Checkouts Full call number Barcode Date last seen Price effective from Koha item type
        NLS NLS   30/05/2017 9460.00   340.9 TAK 29128 30/05/2017 30/05/2017 BOOKs